000 00454nam a22001697a 4500
008 150529b xxu||||| |||| 00| 0 eng d
020 _a0324360126
041 0 _aeng
080 _a33
100 1 _aNicholson, Walter;
245 1 0 _aTheory and application of Intermediate Microeconomics /
_cWalter Nicholson.
260 _aUSA:
_bThomson;
_c2007.
300 _a659 f.:
_bme il.;
_c24 cm.
490 _v10th ed.
650 0 _aMikroekonomi
942 _2udc
_cBK
999 _c927
_d927